Recomendaciones de actividad física para la salud
Tallennettuna:
| Päätekijät: | , |
|---|---|
| Aineistotyyppi: | Kirja |
| Kieli: | espanja |
| Julkaistu: |
Santiago
DIGEDER
1997
|
| Aiheet: | |
| Tagit: |
Lisää tagi
Ei tageja, Lisää ensimmäinen tagi!
|
MARC
| LEADER | 00000nam a2200000 a 4500 | ||
|---|---|---|---|
| 001 | UCP4862 | ||
| 003 | CL-VaPUC | ||
| 008 | 990821e19970000CL |||||||||||||||||spa|d | ||
| 082 | 0 | 4 | |a 613.7 |b GOD |2 21 |
| 100 | 0 | |a Godoy P., Juan de Dios |e author |9 432809 | |
| 700 | 0 | |a venegas P., Patricio |e author |9 432810 | |
| 245 | 1 | 0 | |a Recomendaciones de actividad física para la salud |
| 300 | |a 340 p | ||
| 942 | |c BK | ||
| 945 | |d 19990821 00:00:00 |a rbrito | ||
| 260 | |a Santiago |b DIGEDER |c 1997 | ||
| 650 | 0 | |a Medicina deportiva |9 307562 | |
| 650 | 7 | |a EJERCICIOS ATLETICOS |2 CL-VaPUC |9 307399 | |
| 650 | 0 | |a Deportes |9 224367 | |
| 650 | 0 | |a Tercera edad |9 307285 | |
| 650 | 7 | |a EMBARAZO |2 CL-VaPUC |9 308235 | |
| 650 | 0 | |a Salud |9 258663 | |
| 583 | |a last modification |c 19990821 00:00:00 |k Rodrigo Vera | ||
| 999 | |c 282756 |d 282754 | ||
| 952 | |0 0 |1 0 |4 0 |6 613_700000000000000_GOD_1997 |7 0 |8 A |9 325118 |a BIBEDU |b BIBEDU |c ES_NOD |d 2019-11-20 |i 352406K |o 613.7 GOD 1997 |p 352406K |r 2023-08-09 |w 2019-11-20 |y BK |k BME | ||